Safest Countries in the World to Visit in 2022 - Statistics

General Stats
  • This quiz has been taken 73 times
    72 since last reset
  • The average score is 10 of 17
Answer Stats
Hint Answer % Correct
Countries with insignificant risk Iceland
98%
Countries with insignificant risk Norway
90%
Countries with insignificant risk Denmark
83%
Countries with insignificant risk Finland
83%
Countries with insignificant risk Luxembourg
79%
Countries with insignificant risk Switzerland
79%
Countries with insignificant risk San Marino
72%
Countries with insignificant risk Liechtenstein
71%
Countries with insignificant risk Andorra
69%
Countries with insignificant risk Slovenia
48%
ountries with insignificant risk Tuvalu
34%
Countries with insignificant risk Nauru
33%
Countries with insignificant risk Kiribati
29%
Countries with insignificant risk Marshall Islands
28%
Countries with insignificant risk Seychelles
28%
Countries with insignificant risk Greenland
21%
Countries with insignificant risk Cape Verde
17%
No matching quizzes found
Score Distribution
Percent of People with Each Score
Percentile by Number Answered
Your Score History
You have not taken this quiz since the last reset